书目信息 |
| 题名: |
拥抱·心洁
|
|
| 作者: | 李心洁 图文 | |
| 分册: | ||
| 出版信息: | 上海 华东师范大学出版社 2003.11 |
|
| 页数: | 143页 | |
| 开本: | 22cm | |
| 丛书名: | ||
| 单 册: | ||
| 中图分类: | I267.1 | |
| 科图分类: | ||
| 主题词: | 随笔--中国--当代--作品集 | |
| 电子资源: | ||
| ISBN: | 7-5617-3555-3 | |
| 000 | 00777nam0 22002177 450 | |
| 001 | 192004001798 | |
| 005 | 20070906153337.95 | |
| 010 | @a7-5617-3555-3@dCNY22.00 | |
| 100 | @a20070531d2003 ekmy0chiy0121 ea | |
| 101 | 0 | @achi |
| 102 | @aCN@b310000 | |
| 105 | @aaf z 000cy | |
| 200 | 1 | @a拥抱·心洁@Ayong bao· xin jie@f李心洁图文 |
| 210 | @a上海@c华东师范大学出版社@d2003.11 | |
| 215 | @a143页@c彩图@d22cm | |
| 330 | @a本书是一部随笔集,讲述了一个来自马来西亚乡间的年轻女孩,远渡重洋来到台北这个陌生的城市,渴望寻找生命中的另一种可能。她寻寻觅觅、跌跌撞撞,终于,内在的热力逐渐成形,幻化成一双美丽的翅膀,开始展翅飞翔。 | |
| 606 | 0 | @a随笔@y中国@z当代@j作品集 |
| 690 | @aI267.1@v4 | |
| 701 | 0 | @a李心洁@Ali xin jie@4图文 |
| 801 | 0 | @aCN@c20070906 |
| 905 | @dI267.1@eL302 | |
| 拥抱·心洁/李心洁图文.-上海:华东师范大学出版社,2003.11 |
| 143页:彩图;22cm |
| ISBN 7-5617-3555-3:CNY22.00 |
| 本书是一部随笔集,讲述了一个来自马来西亚乡间的年轻女孩,远渡重洋来到台北这个陌生的城市,渴望寻找生命中的另一种可能。她寻寻觅觅、跌跌撞撞,终于,内在的热力逐渐成形,幻化成一双美丽的翅膀,开始展翅飞翔。 |
| ● |
| 相关链接 |
|
|
|
正题名:拥抱·心洁
索取号:I267.1/L302
 
预约/预借
| 序号 | 登录号 | 条形码 | 馆藏地/架位号 | 状态 | 备注 |
| 1 | 625155 | 206251553 | 社科二线422/422社科库 27排3列3层/ [索取号:I267.1/L302] | 在馆 | |
| 2 | 625156 | 206251562 | 社科二线400B/400B社科库 27排1列6层/ [索取号:I267.1/L302] | 在馆 |